Ark Survival Evolved : All bosses - Statistics

General Stats
  • This quiz has been taken 65 times
  • The average score is 5 of 8
Answer Stats
Hint Answer % Correct
Spider found at the green obelisk Broodmother Lystrix
98%
Mystical creature found at the red obelisk Dragon
96%
The final boss of Scorched Earth Manticore
77%
The final boss of Abberation Rockwell
70%
The final boss of the Island Overseer
68%
Guardian of the jungle cave on Ragnarok Lava Elemental
34%
Guardian of the ice cave on Ragnarok Ice Deathworm Queen
19%
Gorilla found at the bue obelisk Yeti
19%
No matching quizzes found
Score Distribution
Percent of People with Each Score
Percentile by Number Answered
Your Score History
You have not taken this quiz